[Event "28. Torneo San Viator 2017 - Torneo B"]
[Site "Madrid ESP"]
[Date "2017.03.26"]
[Round "1.19"]
[White "Jimenez Sanchez, Juan Daniel"]
[Black "Caravantes Camacho, Fernando"]
[Result "0-1"]
[WhiteElo "1345"]
[BlackElo "1626"]
[PlyCount "84"]
[EventDate "2017.03.26"]
[EventType "swiss"]
[EventRounds "9"]
[EventCountry "ESP"]
[SourceTitle "Ajedrez en Madrid"]
[Source "lmi"]
[SourceDate "2017.03.26"]
[SourceVersion "1"]
[SourceVersionDate "2017.04.10"]
[SourceQuality "1"]

1. d4 e6 2. Nf3 Nf6 3. c4 d5 4. Qc2 Be7 5. g3 O-O 6. Bg2 c5 7. cxd5 Nxd5 8.
dxc5 Qa5+ 9. Bd2 Qxc5 10. Nc3 Bd7 11. O-O Na6 12. a3 Bf6 13. Rac1 Rac8 14. Rfe1
Nxc3 15. Bxc3 Rc7 16. Qb1 Rfc8 17. Bxf6 Qxc1 18. Bg5 Qxb1 19. Rxb1 f6 20. Be3
b6 21. Nd4 e5 22. Bd5+ Kf8 23. Nf3 Nc5 24. Bd2 Bh3 25. Bb4 a5 26. Bd2 Na4 27.
Kh1 Rc2 28. Be4 Rxb2 29. Bxh7 Rxb1+ 30. Bxb1 Nc3 31. Bd3 e4 32. Ba6 Rc7 33. Ng1
Bf1 34. Bf4 Nd1 35. Be3 Nxe3 36. fxe3 Rc3 37. h4 Rxa3 38. h5 Rxe3 39. Kh2 a4
40. g4 a3 41. Bc4 b5 42. Ba2 Bxe2 0-1

[Event "28. Torneo San Viator 2017 - Torneo B"]
[Site "Madrid ESP"]
[Date "2017.03.26"]
[Round "1.20"]
[White "Del Rio Perezagua, Mario"]
[Black "Alvarez Hirt, Carlos"]
[Result "1-0"]
[WhiteElo "1621"]
[BlackElo "1325"]
[PlyCount "47"]
[EventDate "2017.03.26"]
[EventType "swiss"]
[EventRounds "9"]
[EventCountry "ESP"]
[SourceTitle "Ajedrez en Madrid"]
[Source "lmi"]
[SourceDate "2017.03.26"]
[SourceVersion "1"]
[SourceVersionDate "2017.04.10"]
[SourceQuality "1"]

1. Nf3 c5 2. g3 b6 3. Bg2 Bb7 4. O-O Nf6 5. d3 e6 6. Nbd2 Be7 7. e4 O-O 8. e5
Ne8 9. a4 d6 10. exd6 Bxd6 11. Nc4 Bc7 12. b3 Nd6 13. Nxd6 Bxd6 14. Bb2 Nd7 15.
Re1 Qc7 16. Qd2 Rae8 17. Rad1 h5 18. Qg5 e5 19. Qxh5 f6 20. Nh4 g5 21. Qg6+ Kh8
22. Nf5 Nb8 23. Bxb7 Qxb7 24. Nxd6 1-0

[Event "28. Torneo San Viator 2017 - Torneo B"]
[Site "Madrid ESP"]
[Date "2017.03.26"]
[Round "1.21"]
[White "Martin Rodriguez, Jose Luis"]
[Black "Arias Cusio, Oscar"]
[Result "0-1"]
[WhiteElo "1320"]
[BlackElo "1606"]
[PlyCount "106"]
[EventDate "2017.03.26"]
[EventType "swiss"]
[EventRounds "9"]
[EventCountry "ESP"]
[SourceTitle "Ajedrez en Madrid"]
[Source "lmi"]
[SourceDate "2017.03.26"]
[SourceVersion "1"]
[SourceVersionDate "2017.04.10"]
[SourceQuality "1"]

1. d4 g6 2. Bf4 d6 3. e3 Bg7 4. Nf3 Nf6 5. h3 O-O 6. Be2 c5 7. O-O cxd4 8. exd4
Qb6 9. Nc3 Bd7 10. Rb1 Nc6 11. Be3 Qc7 12. Qd2 a6 13. Bh6 Rad8 14. Bxg7 Kxg7
15. Qg5 b5 16. Rfd1 b4 17. Nd5 Nxd5 18. Qxd5 a5 19. Qc4 d5 20. Qb3 f6 21. Qxd5
Na7 22. Qc5 Qb7 23. Qxa5 Be6 24. Qa6 Qd7 25. Bd3 Bd5 26. Re1 f5 27. Ne5 Qc7 28.
Qa4 Nc6 29. Nxc6 Ra8 30. Rxe7+ Qxe7 31. Nxe7 Rxa4 32. Nxd5 Rd8 33. Bc4 Raa8 34.
Bb3 Rab8 35. Kf1 Kh6 36. g3 Rb5 37. Ne3 Rxd4 38. Rd1 Re4 39. Rd5 Rb8 40. Rd6
Rf8 41. Rd3 f4 42. gxf4 Rfxf4 43. Rd2 Rxe3 44. Bd5 Rxh3 45. Kg2 Rhh4 46. Be6
Rf6 47. Kg3 Rhf4 48. Re2 Rd4 49. c4 bxc3 50. bxc3 Rd3+ 51. Re3 Rxe3+ 52. fxe3
Rxe6 53. Kf4 Kg7 0-1

[Event "28. Torneo San Viator 2017 - Torneo B"]
[Site "Madrid ESP"]
[Date "2017.03.26"]
[Round "1.22"]
[White "Urbelz Perez, Ignacio"]
[Black "Baranco Gonzalez, Nicolas"]
[Result "1-0"]
[WhiteElo "1606"]
[BlackElo "1303"]
[PlyCount "73"]
[EventDate "2017.03.26"]
[EventType "swiss"]
[EventRounds "9"]
[EventCountry "ESP"]
[SourceTitle "Ajedrez en Madrid"]
[Source "lmi"]
[SourceDate "2017.03.26"]
[SourceVersion "1"]
[SourceVersionDate "2017.04.10"]
[SourceQuality "1"]

1. e4 e5 2. Nf3 Nc6 3. Bb5 d6 4. d4 exd4 5. Nxd4 Bd7 6. Bxc6 Bxc6 7. Nxc6 bxc6
8. O-O Nf6 9. Bg5 Be7 10. Nd2 O-O 11. Qe2 Re8 12. Qc4 c5 13. Bxf6 Bxf6 14. Rab1
Rb8 15. c3 Rb7 16. Qd3 Qd7 17. b3 Re5 18. Nf3 Re8 19. Nd2 Qb5 20. c4 Qa6 21.
Qc2 Qc6 22. Rbe1 Rbb8 23. Kh1 Re7 24. f3 Rbe8 25. Nb1 Bd4 26. Nc3 f5 27. Nd5
Re6 28. Qb1 Qb7 29. exf5 Re2 30. Rxe2 Rxe2 31. Re1 Re5 32. f4 Rxe1+ 33. Qxe1 h6
34. Qe6+ Kh7 35. Qg6+ Kh8 36. Qe8+ Kh7 37. Ne7 1-0

[Event "28. Torneo San Viator 2017 - Torneo B"]
[Site "Madrid ESP"]
[Date "2017.03.26"]
[Round "1.23"]
[White "Lopez Herrero, Israel"]
[Black "Fernandez Garcia, Emilio"]
[Result "0-1"]
[WhiteElo "1302"]
[BlackElo "1606"]
[PlyCount "62"]
[EventDate "2017.03.26"]
[EventType "swiss"]
[EventRounds "9"]
[EventCountry "ESP"]
[SourceTitle "Ajedrez en Madrid"]
[Source "lmi"]
[SourceDate "2017.03.26"]
[SourceVersion "1"]
[SourceVersionDate "2017.04.10"]
[SourceQuality "1"]

1. e4 c5 2. Nf3 d6 3. d4 cxd4 4. Nxd4 Nf6 5. Nc3 a6 6. Bg5 e6 7. Bc4 Be7 8. Qd2
Nbd7 9. O-O-O Qc7 10. Bb3 b5 11. a3 Nc5 12. Na2 Nfxe4 13. Qe2 Bxg5+ 14. Kb1 Bb7
15. Rhe1 Nxb3 16. Nxb3 Bf6 17. Qe3 Rc8 18. Nb4 a5 19. Nd3 Qxc2+ 20. Ka2 Nc3+
21. Ka1 Nxd1 22. Qc1 Qxb3 23. Qxd1 Qxd1+ 24. Rxd1 Bxg2 25. Nf4 Bd5 26. Re1 Kd7
27. Rd1 Rc2 28. Nd3 Rhc8 29. Kb1 Be4 30. Ne1 Rxb2+ 31. Ka1 Rd2# 0-1

[Event "28. Torneo San Viator 2017 - Torneo B"]
[Site "Madrid ESP"]
[Date "2017.03.26"]
[Round "1.24"]
[White "Moreno Sanchez, Guillermo"]
[Black "Alvarez Garcia, Jose Javier"]
[Result "1-0"]
[WhiteElo "1605"]
[BlackElo "1300"]
[PlyCount "81"]
[EventDate "2017.03.26"]
[EventType "swiss"]
[EventRounds "9"]
[EventCountry "ESP"]
[SourceTitle "Ajedrez en Madrid"]
[Source "lmi"]
[SourceDate "2017.03.26"]
[SourceVersion "1"]
[SourceVersionDate "2017.04.10"]
[SourceQuality "1"]

1. d4 d5 2. Nf3 Nc6 3. Bg5 Bf5 4. e3 h6 5. Bh4 a6 6. a3 Qd7 7. Nc3 e6 8. Bd3
Be7 9. Bxf5 Bxh4 10. Nxh4 exf5 11. Qd3 Nge7 12. Na4 b6 13. c4 Na5 14. Qc2 Nxc4
15. O-O O-O 16. Rfc1 Rfc8 17. Nc3 b5 18. Nf3 Ng6 19. b3 Nb6 20. Ne2 Qd6 21.
Qxf5 c5 22. dxc5 Rxc5 23. Rxc5 Qxc5 24. h3 Ne7 25. Qf4 f6 26. Ned4 Rc8 27. Qg3
Qc3 28. Rf1 Qd3 29. Qd6 Nf5 30. Qe6+ Kh7 31. Nxf5 b4 32. axb4 Qb5 33. Qf7 Qd7
34. Qxd7 Nxd7 35. Ra1 Rb8 36. Rxa6 Rxb4 37. Ra7 Kg6 38. N3h4+ Kh5 39. g4+ Kg5
40. f4+ Rxf4 41. exf4+ 1-0

[Event "28. Torneo San Viator 2017 - Torneo B"]
[Site "Madrid ESP"]
[Date "2017.03.26"]
[Round "1.25"]
[White "Mora Gonzalez-Rojas, Francisco"]
[Black "Fernandez Lopez, Jaime"]
[Result "0-1"]
[WhiteElo "1294"]
[BlackElo "1601"]
[PlyCount "132"]
[EventDate "2017.03.26"]
[EventType "swiss"]
[EventRounds "9"]
[EventCountry "ESP"]
[SourceTitle "Ajedrez en Madrid"]
[Source "lmi"]
[SourceDate "2017.03.26"]
[SourceVersion "1"]
[SourceVersionDate "2017.04.10"]
[SourceQuality "1"]

1. e4 g6 2. Nf3 Bg7 3. Bc4 d6 4. h3 Nf6 5. d3 O-O 6. O-O c5 7. Nc3 Nc6 8. a3
Bd7 9. Rb1 a5 10. Bf4 Nd4 11. Nxd4 cxd4 12. Nd5 Nxd5 13. Bxd5 e5 14. Bg3 Bc6
15. Bxc6 bxc6 16. f4 Qd7 17. fxe5 dxe5 18. Rf3 Rab8 19. Qd2 Qc7 20. c3 c5 21.
c4 Rb3 22. Qc2 Rfb8 23. Kf1 Qb7 24. Rf2 Rxa3 25. bxa3 Qxb1+ 26. Qxb1 Rxb1+ 27.
Ke2 Ra1 28. Rf1 Rxa3 29. Rb1 h5 30. Rb5 a4 31. Rxc5 Ra2+ 32. Kf3 Rd2 33. Bxe5
Bxe5 34. Rxe5 Rxd3+ 35. Ke2 Rc3 36. c5 a3 37. Re8+ Kg7 38. Ra8 Kf6 39. c6 Ke5
40. c7 Rxc7 41. Rxa3 Kxe4 42. Kd2 Rb7 43. Ra2 f5 44. Ke1 Rb3 45. Rd2 d3 46. Kf2
Rc3 47. Ke1 Ke3 48. Kd1 Rc2 49. Rxc2 dxc2+ 50. Kxc2 Kf2 51. g4 fxg4 52. hxg4
hxg4 53. Kd2 g3 54. Kd1 g2 55. Kd2 g1=Q 56. Kd3 Qe1 57. Kd4 Qe2 58. Kd5 Qe3 59.
Kd6 Qe4 60. Kd7 Qe5 61. Kd8 Qg7 62. Ke8 Ke3 63. Kd8 Kd4 64. Kc8 Kc5 65. Kb8 Kb6
66. Kc8 Qc7# 0-1

[Event "28. Torneo San Viator 2017 - Torneo B"]
[Site "Madrid ESP"]
[Date "2017.03.26"]
[Round "1.26"]
[White "Perez Gonzalez, Manuel"]
[Black "Diaz Del Prado, Carlos"]
[Result "1/2-1/2"]
[WhiteElo "1600"]
[BlackElo "1281"]
[PlyCount "36"]
[EventDate "2017.03.26"]
[EventType "swiss"]
[EventRounds "9"]
[EventCountry "ESP"]
[SourceTitle "Ajedrez en Madrid"]
[Source "lmi"]
[SourceDate "2017.03.26"]
[SourceVersion "1"]
[SourceVersionDate "2017.04.10"]
[SourceQuality "1"]

1. e4 g6 2. d4 Bg7 3. Be3 d6 4. c3 Nf6 5. Nd2 O-O 6. Ngf3 Bg4 7. Be2 c6 8. O-O
e5 9. dxe5 dxe5 10. Nxe5 Bxe2 11. Qxe2 Re8 12. Nef3 Nxe4 13. Nxe4 Rxe4 14. Rad1
Qc7 15. Qd3 Re8 16. Rfe1 Na6 17. Qd7 b6 18. Ng5 Rad8 1/2-1/2

[Event "28. Torneo San Viator 2017 - Torneo B"]
[Site "Madrid ESP"]
[Date "2017.03.26"]
[Round "1.27"]
[White "Rodriguez Munoz, Jesus"]
[Black "Alvarez Poves, Jesus"]
[Result "0-1"]
[WhiteElo "1211"]
[BlackElo "1576"]
[PlyCount "62"]
[EventDate "2017.03.26"]
[EventType "swiss"]
[EventRounds "9"]
[EventCountry "ESP"]
[SourceTitle "Ajedrez en Madrid"]
[Source "lmi"]
[SourceDate "2017.03.26"]
[SourceVersion "1"]
[SourceVersionDate "2017.04.10"]
[SourceQuality "1"]

1. d4 Nf6 2. c4 c5 3. Nf3 e6 4. Nc3 cxd4 5. Nxd4 Bc5 6. Bg5 e5 7. Nf3 Qb6 8. e3
Qxb2 9. Qc1 Ba3 10. e4 Nc6 11. Rb1 Qxc1+ 12. Bxc1 Bb4 13. Bd2 Bxc3 14. Bxc3
Nxe4 15. Bxe5 O-O 16. Bd3 Nc5 17. Bc2 Re8 18. O-O Nxe5 19. Nxe5 Rxe5 20. Rfe1
d6 21. Rbd1 Be6 22. f4 Rxe1+ 23. Rxe1 Bxc4 24. a3 g6 25. Re7 Bb3 26. Bxb3 Nxb3
27. Rd7 Nd2 28. Rxd6 Nc4 29. Rd3 Re8 30. Kf2 Re6 31. Rb3 Rb6 0-1

[Event "28. Torneo San Viator 2017 - Torneo B"]
[Site "Madrid ESP"]
[Date "2017.03.26"]
[Round "1.28"]
[White "Suarez Arellano, Jorge"]
[Black "Perez Ramos, Miguel Angel"]
[Result "1-0"]
[WhiteElo "1573"]
[BlackElo "1169"]
[PlyCount "49"]
[EventDate "2017.03.26"]
[EventType "swiss"]
[EventRounds "9"]
[EventCountry "ESP"]
[SourceTitle "Ajedrez en Madrid"]
[Source "lmi"]
[SourceDate "2017.03.26"]
[SourceVersion "1"]
[SourceVersionDate "2017.04.10"]
[SourceQuality "1"]

1. e4 e5 2. Nf3 Nf6 3. Nxe5 Nxe4 4. Qe2 d5 5. d3 Bd6 6. Nf3 O-O 7. dxe4 Re8 8.
e5 Bg4 9. Qd3 Bxf3 10. Qxf3 Rxe5+ 11. Be2 Qd7 12. O-O a6 13. Nc3 Qe6 14. Bd2
Nc6 15. Rfe1 Nd4 16. Qd3 c5 17. Bf4 Nxe2+ 18. Nxe2 c4 19. Qd2 Rh5 20. Ng3 Bxf4
21. Qxf4 g5 22. Qd2 Qg6 23. Nxh5 Qxh5 24. Re5 Qg6 25. Rxg5 1-0

[Event "28. Torneo San Viator 2017 - Torneo B"]
[Site "Madrid ESP"]
[Date "2017.03.26"]
[Round "1.29"]
[White "Strejoiv, Christian Ionut"]
[Black "Corral Sanchez, Jesus"]
[Result "1/2-1/2"]
[WhiteElo "1167"]
[BlackElo "1573"]
[PlyCount "108"]
[EventDate "2017.03.26"]
[EventType "swiss"]
[EventRounds "9"]
[EventCountry "ESP"]
[SourceTitle "Ajedrez en Madrid"]
[Source "lmi"]
[SourceDate "2017.03.26"]
[SourceVersion "1"]
[SourceVersionDate "2017.04.10"]
[SourceQuality "1"]

1. e4 b6 2. d4 Bb7 3. Nc3 e6 4. a3 Nf6 5. Bg5 Be7 6. Bxf6 Bxf6 7. e5 Be7 8. Nf3
d5 9. exd6 Bxd6 10. Be2 Nd7 11. O-O O-O 12. Nb5 Nf6 13. Nxd6 Qxd6 14. Ne5 c5
15. c3 cxd4 16. cxd4 Rad8 17. Nf3 Bxf3 18. Bxf3 Qxd4 19. Qe2 h6 20. Rad1 Qc5
21. b4 Qe7 22. Rxd8 Rxd8 23. Rd1 Rxd1+ 24. Qxd1 Qc7 25. a4 Qc4 26. b5 Nd5 27.
Be2 Qb4 28. Qa1 Qc3 29. Qd1 Qa3 30. h3 Nc3 31. Qd8+ Qf8 32. Qd3 Nxa4 33. Bd1
Nc5 34. Qc2 Qd6 35. Be2 e5 36. Bc4 e4 37. Qa2 Qe7 38. Kh2 Nd3 39. g3 Qf6 40.
Kg2 Qf3+ 41. Kf1 h5 42. h4 Qf6 43. Qe2 Qf3 44. Bxd3 Qxd3 45. Qxd3 exd3 46. Ke1
Kf8 47. Kd2 Ke7 48. Kxd3 Kd6 49. Kd4 g6 50. f3 Ke6 51. f4 Kd6 52. Kc4 f6 53.
Kd4 Ke6 54. Kc4 Kd6 1/2-1/2

[Event "28. Torneo San Viator 2017 - Torneo B"]
[Site "Madrid ESP"]
[Date "2017.03.26"]
[Round "1.30"]
[White "Rodriguez Torres, Manuel"]
[Black "Gijon Molina, Carlos"]
[Result "1/2-1/2"]
[WhiteElo "1570"]
[BlackElo "1144"]
[PlyCount "112"]
[EventDate "2017.03.26"]
[EventType "swiss"]
[EventRounds "9"]
[EventCountry "ESP"]
[SourceTitle "Ajedrez en Madrid"]
[Source "lmi"]
[SourceDate "2017.03.26"]
[SourceVersion "1"]
[SourceVersionDate "2017.04.10"]
[SourceQuality "1"]

1. e4 c6 2. d4 d5 3. f3 Nd7 4. Nc3 e5 5. dxe5 Nxe5 6. Bf4 Qf6 7. Nge2 Bd6 8.
Bg3 Bc5 9. Bxe5 Qxe5 10. Qd2 d4 11. O-O-O Be6 12. Nxd4 Rd8 13. Nxc6 Rxd2 14.
Nxe5 Rxd1+ 15. Kxd1 Bd4 16. Bb5+ Ke7 17. Nd3 Bxc3 18. bxc3 Bxa2 19. Nb4 Be6 20.
Nd5+ Kd6 21. Ke2 Bxd5 22. Rd1 Ne7 23. exd5 Rc8 24. Rd3 a6 25. Ba4 Rc5 26. Bb3
b5 27. Kd2 Nxd5 28. Rd4 f5 29. c4 bxc4 30. Rxc4 Rxc4 31. Bxc4 a5 32. g3 h5 33.
Kd3 Kc5 34. Bb3 Nb6 35. Kc3 a4 36. Be6 Nd5+ 37. Kb2 f4 38. Ka3 fxg3 39. hxg3
Nc3 40. Bf7 Ne2 41. Bxh5 Nxg3 42. Be8 Ne2 43. Bxa4 Nd4 44. f4 Nf5 45. Bd7 g6
46. Kb2 Kd4 47. Bxf5 gxf5 48. Kb3 Ke4 49. c4 Kxf4 50. Kb4 Ke5 51. c5 Kd5 52.
Kb5 f4 53. c6 f3 54. c7 f2 55. c8=Q f1=Q+ 56. Kb6 Qf6+ 1/2-1/2

[Event "28. Torneo San Viator 2017 - Torneo B"]
[Site "Madrid ESP"]
[Date "2017.03.26"]
[Round "1.31"]
[White "Lantero Machieraldo, Hugo"]
[Black "Algaba Traspuesto, Jose Antoni"]
[Result "0-1"]
[WhiteElo "1110"]
[BlackElo "1568"]
[PlyCount "58"]
[EventDate "2017.03.26"]
[EventType "swiss"]
[EventRounds "9"]
[EventCountry "ESP"]
[SourceTitle "Ajedrez en Madrid"]
[Source "lmi"]
[SourceDate "2017.03.26"]
[SourceVersion "1"]
[SourceVersionDate "2017.04.10"]
[SourceQuality "1"]

1. d4 d5 2. Nf3 Nf6 3. Bf4 Bf5 4. e3 e6 5. c4 c6 6. Qb3 Qb6 7. cxd5 Qxb3 8.
axb3 Nxd5 9. Bg3 Nb4 10. Na3 Nd3+ 11. Bxd3 Bxd3 12. O-O-O Bg6 13. Nc4 Na6 14.
Nd6+ Bxd6 15. Bxd6 O-O-O 16. Ne5 Rxd6 17. Rhe1 f6 18. Nc4 Rd7 19. f4 Be4 20. g4
Nb4 21. Nd2 Nd3+ 22. Kc2 Nxe1+ 23. Kc3 Bf3 24. Rxe1 Bxg4 25. Rg1 Be2 26. e4
Rhd8 27. Ra1 Ba6 28. b4 Rxd4 29. Nb3 Rc4# 0-1

[Event "28. Torneo San Viator 2017 - Torneo B"]
[Site "Madrid ESP"]
[Date "2017.03.26"]
[Round "1.32"]
[White "Ramos Ramos, Jose Antonio"]
[Black "Aguilar Guzman, Reynaldo"]
[Result "1/2-1/2"]
[WhiteElo "1567"]
[BlackElo "1558"]
[PlyCount "109"]
[EventDate "2017.03.26"]
[EventType "swiss"]
[EventRounds "9"]
[EventCountry "ESP"]
[SourceTitle "Ajedrez en Madrid"]
[Source "lmi"]
[SourceDate "2017.03.26"]
[SourceVersion "1"]
[SourceVersionDate "2017.04.10"]
[SourceQuality "1"]

1. e4 e5 2. Nf3 Nc6 3. d4 exd4 4. Nxd4 Nf6 5. Nxc6 bxc6 6. e5 Qe7 7. Qe2 Nd5 8.
c4 Nb6 9. b3 d5 10. c5 Qxc5 11. Ba3 Qa5+ 12. Qd2 Qxd2+ 13. Kxd2 Bxa3 14. Nxa3
O-O 15. Rc1 Bd7 16. Bd3 Rfe8 17. Rhe1 Re6 18. Nc2 c5 19. f4 c4 20. Bf1 cxb3 21.
axb3 c5 22. Ne3 Rc8 23. g4 f6 24. exf6 Rxf6 25. f5 Rfc6 26. Bg2 c4 27. bxc4 d4
28. Nd5 Nxc4+ 29. Rxc4 Rxc4 30. Ne7+ Kf8 31. Nxc8 Bxc8 32. Ra1 Rc7 33. Kd3 Rd7
34. Ra4 Ke7 35. h4 Kf6 36. g5+ Kf7 37. Rxd4 Rxd4+ 38. Kxd4 Bxf5 39. Bf3 a5 40.
Bd1 Bd7 41. Bc2 g6 42. Ke5 a4 43. Kd4 Ke6 44. Bb1 Bc6 45. Ba2+ Kf5 46. Bg8 Kg4
47. Bxh7 Be8 48. h5 gxh5 49. g6 h4 50. g7 Bf7 51. g8=Q+ Bxg8 52. Bxg8 a3 53.
Bd5 h3 54. Kc3 h2 55. Kb3 1/2-1/2

[Event "28. Torneo San Viator 2017 - Torneo B"]
[Site "Madrid ESP"]
[Date "2017.04.02"]
[Round "2.1"]
[White "Franco Rincon, David"]
[Black "Alvarez Poves, Jesus"]
[Result "0-1"]
[WhiteElo "1748"]
[BlackElo "1576"]
[PlyCount "76"]
[EventDate "2017.03.26"]
[EventType "swiss"]
[EventRounds "9"]
[EventCountry "ESP"]
[SourceTitle "Ajedrez en Madrid"]
[Source "lmi"]
[SourceDate "2017.03.26"]
[SourceVersion "1"]
[SourceVersionDate "2017.04.10"]
[SourceQuality "1"]

1. e4 c5 2. Nc3 Nc6 3. g3 e5 4. Bg2 Nge7 5. d3 g6 6. Bg5 Bg7 7. Qd2 O-O 8. Nge2
Nd4 9. O-O f6 10. Be3 d6 11. Nd1 f5 12. f4 fxe4 13. Bxe4 Bh3 14. Rf2 d5 15. Bg2
Bxg2 16. Kxg2 Nef5 17. Bxd4 exd4 18. Ng1 Re8 19. Re2 Qb6 20. Rb1 Qc6 21. Nf3
Rxe2+ 22. Qxe2 Re8 23. Qd2 Ne3+ 24. Nxe3 dxe3 25. Qe2 d4 26. Kg1 Qd5 27. a3 b5
28. b3 Rc8 29. Ng5 c4 30. Ne4 Qe6 31. dxc4 Qxe4 32. Rc1 bxc4 33. bxc4 Qc6 34.
c5 Qxc5 35. Qa6 Qc4 36. Qxa7 d3 37. Rb1 dxc2 38. Rc1 Bb2 0-1

[Event "28. Torneo San Viator 2017 - Torneo B"]
[Site "Madrid ESP"]
[Date "2017.04.02"]
[Round "2.2"]
[White "Algaba Traspuesto, Jose Antoni"]
[Black "Rodriguez Nieto, Miguel Angel"]
[Result "1-0"]
[WhiteElo "1568"]
[BlackElo "1738"]
[PlyCount "89"]
[EventDate "2017.03.26"]
[EventType "swiss"]
[EventRounds "9"]
[EventCountry "ESP"]
[SourceTitle "Ajedrez en Madrid"]
[Source "lmi"]
[SourceDate "2017.03.26"]
[SourceVersion "1"]
[SourceVersionDate "2017.04.10"]
[SourceQuality "1"]

1. c4 f5 2. Nc3 Nf6 3. g3 e6 4. Bg2 c6 5. d3 Be7 6. e4 fxe4 7. dxe4 O-O 8. e5
Ne8 9. Nf3 Na6 10. O-O Nac7 11. Qe2 Rb8 12. Be3 b6 13. Rad1 Bb7 14. Rd2 c5 15.
Rfd1 Bc6 16. Nb5 a6 17. Na7 Nd5 18. Nxc6 dxc6 19. cxd5 cxd5 20. h4 Nc7 21. Bg5
h6 22. Bxe7 Qxe7 23. Nh2 Rf7 24. f4 Rff8 25. Rf1 Ra8 26. Qg4 Rad8 27. Re2 Nb5
28. Qg6 Nd4 29. Ref2 Nf5 30. Bh3 d4 31. Bxf5 exf5 32. Qxb6 d3 33. Rd2 c4 34.
Nf3 Rb8 35. Qd6 Qa7+ 36. Qd4 Qf7 37. Re1 Rfd8 38. e6 Qg6 39. Qf2 Re8 40. Ne5
Qxe6 41. Nf3 Qd7 42. Rxe8+ Rxe8 43. Ne5 Qa4 44. Qd4 Qxa2 45. Qxc4+ 1-0

[Event "28. Torneo San Viator 2017 - Torneo B"]
[Site "Madrid ESP"]
[Date "2017.04.02"]
[Round "2.3"]
[White "Sarabia Diaz, Santiago"]
[Black "Vaquerizo Martin, Miguel"]
[Result "1-0"]
[WhiteElo "1563"]
[BlackElo "1694"]
[PlyCount "95"]
[EventDate "2017.03.26"]
[EventType "swiss"]
[EventRounds "9"]
[EventCountry "ESP"]
[SourceTitle "Ajedrez en Madrid"]
[Source "lmi"]
[SourceDate "2017.03.26"]
[SourceVersion "1"]
[SourceVersionDate "2017.04.10"]
[SourceQuality "1"]

1. d4 e6 2. Bf4 c5 3. e3 Nc6 4. c3 a6 5. a4 b6 6. Bd3 Bb7 7. Nf3 Nf6 8. Nbd2 h6
9. O-O Nh5 10. Be5 Nxe5 11. Nxe5 Nf6 12. f4 g6 13. Ng4 Bg7 14. Nxf6+ Bxf6 15.
Ne4 Bxe4 16. Bxe4 d5 17. Bc2 cxd4 18. exd4 O-O 19. Qg4 Kh7 20. Qh5 Bg7 21. Rf3
f5 22. Qh3 b5 23. g4 b4 24. Re1 Qd7 25. Rfe3 Rfe8 26. Qg2 Rac8 27. Bb3 bxc3 28.
bxc3 Rb8 29. gxf5 gxf5 30. Bc2 Rg8 31. Rg3 Rbc8 32. Kh1 Bf6 33. Qh3 Rxg3 34.
hxg3 Rxc3 35. Rxe6 Qf7 36. Qxf5+ Kg7 37. Qh7+ Kf8 38. Qxh6+ Bg7 39. Qg6 Rxc2
40. Rxa6 Qxg6 41. Rxg6 Bxd4 42. a5 Kf7 43. f5 Ra2 44. g4 Rxa5 45. g5 Ra1+ 46.
Kg2 Be5 47. Kf3 Rf1+ 48. Kg4 1-0

[Event "28. Torneo San Viator 2017 - Torneo B"]
[Site "Madrid ESP"]
[Date "2017.04.02"]
[Round "2.4"]
[White "Ramirez De La Piscina G, Juan A"]
[Black "Suarez Arellano, Jorge"]
[Result "1/2-1/2"]
[WhiteElo "1662"]
[BlackElo "1573"]
[PlyCount "81"]
[EventDate "2017.03.26"]
[EventType "swiss"]
[EventRounds "9"]
[EventCountry "ESP"]
[SourceTitle "Ajedrez en Madrid"]
[Source "lmi"]
[SourceDate "2017.03.26"]
[SourceVersion "1"]
[SourceVersionDate "2017.04.10"]
[SourceQuality "1"]

1. d4 Nf6 2. e3 g6 3. Bd3 Bg7 4. Nd2 d6 5. f4 e5 6. Ngf3 exf4 7. exf4 O-O 8.
O-O Nc6 9. c3 Ne7 10. g3 Bf5 11. Qc2 Qd7 12. Nc4 Bxd3 13. Qxd3 Rfe8 14. Bd2 Ng4
15. Ne3 Nxe3 16. Bxe3 Qg4 17. Kg2 Nf5 18. Bf2 Ne7 19. Rfe1 Qf5 20. Qxf5 Nxf5
21. g4 Nh6 22. h3 f5 23. Kg3 Kf8 24. Ng5 Kg8 25. d5 fxg4 26. hxg4 Nf7 27. Ne6
Rac8 28. Re2 Nd8 29. f5 Be5+ 30. Kh4 Nxe6 31. dxe6 Bf6+ 32. g5 Be5 33. Bd4 gxf5
34. Rae1 Rxe6 35. Bxe5 dxe5 36. Rxe5 Rxe5 37. Rxe5 Rf8 38. Kg3 Kg7 39. Kf4 Rf7
40. Rxf5 Rxf5+ 41. Kxf5 1/2-1/2

[Event "28. Torneo San Viator 2017 - Torneo B"]
[Site "Madrid ESP"]
[Date "2017.04.02"]
[Round "2.5"]
[White "Loncomilla Sanhueza, Ernesto"]
[Black "Iriarte Gomez, Enrique"]
[Result "1/2-1/2"]
[WhiteElo "1538"]
[BlackElo "1658"]
[PlyCount "76"]
[EventDate "2017.03.26"]
[EventType "swiss"]
[EventRounds "9"]
[EventCountry "ESP"]
[SourceTitle "Ajedrez en Madrid"]
[Source "lmi"]
[SourceDate "2017.03.26"]
[SourceVersion "1"]
[SourceVersionDate "2017.04.10"]
[SourceQuality "1"]

1. e4 c5 2. Nc3 Nc6 3. Bb5 e6 4. Bxc6 bxc6 5. f4 Nf6 6. Nf3 Be7 7. d3 d6 8. O-O
Qc7 9. Qe1 Rb8 10. b3 e5 11. fxe5 dxe5 12. Qg3 Nd7 13. Qxg7 Bf6 14. Qh6 Rg8 15.
Be3 Rg6 16. Qh5 Qd6 17. Nh4 Rg8 18. Nf5 Qf8 19. Na4 Rg6 20. Rf2 Be7 21. Nxe7
Qxe7 22. Qxh7 Qf8 23. Raf1 Rg7 24. Qh5 Qg8 25. Nxc5 Rb5 26. Nxd7 Bxd7 27. c4
Rh7 28. Qg5 Rg7 29. Qf6 Bh3 30. Qxc6+ Ke7 31. Qc7+ Ke8 32. Qc6+ Ke7 33. Rxf7+
Rxf7 34. Rxf7+ Kxf7 35. Qc7+ Ke8 36. g3 Qg4 37. Qc6+ Kf7 38. Qc7+ Ke8 1/2-1/2

[Event "28. Torneo San Viator 2017 - Torneo B"]
[Site "Madrid ESP"]
[Date "2017.04.02"]
[Round "2.6"]
[White "Garcia Castineira, Ivan"]
[Black "Cortijo Manso, Luis"]
[Result "1-0"]
[WhiteElo "1656"]
[BlackElo "1534"]
[PlyCount "93"]
[EventDate "2017.03.26"]
[EventType "swiss"]
[EventRounds "9"]
[EventCountry "ESP"]
[SourceTitle "Ajedrez en Madrid"]
[Source "lmi"]
[SourceDate "2017.03.26"]
[SourceVersion "1"]
[SourceVersionDate "2017.04.10"]
[SourceQuality "1"]

1. d4 Nf6 2. c4 c5 3. d5 g6 4. Nc3 a6 5. a4 Bg7 6. e4 d6 7. h3 Nbd7 8. Nf3 O-O
9. Bd3 Ne8 10. Qc2 Nc7 11. O-O e6 12. Re1 Ne5 13. Nxe5 Bxe5 14. Bh6 Re8 15. Ne2
Bd7 16. Bd2 b5 17. axb5 axb5 18. Bc3 Bxc3 19. Nxc3 bxc4 20. Bxc4 e5 21. Qd2 Qf6
22. Ra3 Reb8 23. Rea1 Rxa3 24. Rxa3 Qd8 25. b3 Kg7 26. Qa2 Ra8 27. Rxa8 Qxa8
28. Qxa8 Nxa8 29. Bb5 Bc8 30. Na4 Nc7 31. Bd3 f5 32. Nb6 fxe4 33. Bxe4 Bf5 34.
f3 Kf6 35. Kf2 Bxe4 36. fxe4 Kg5 37. g3 h5 38. Nc8 Nb5 39. h4+ Kg4 40. Ne7 g5
41. hxg5 Kxg5 42. Nf5 Kg4 43. Kg2 Nd4 44. Nxd6 Nxb3 45. Nc4 Nd4 46. Nxe5+ Kg5
47. Nf3+ 1-0